000 00634nam a22002297a 4500
003 UA-OsUOA
001 97587
007 ta
008 20130403b un ||||| |||| 00| 0 ukr d
100 _aМухтар А.
090 _a821.161.1
_bМ92
942 _cBK
040 _aUA-OsUOA
_brus
_cUA-OsUOA
_dUA-OsUOA
245 _aУзки улочки Бухары
_bроман, повести
300 _a504 с.
955 _a3
041 _arus
080 _a821.161.1
260 _aМ.
_bСоветский писатель
_c1988
650 7 _a82 Література. Літературознавство
_2UDC
999 _c383836
_d383836